| 000 | 00670nam a22001937a 4500 | ||
|---|---|---|---|
| 005 | 20100804113512.0 | ||
| 010 | _aENG-98037 | ||
| 020 |
_a9788184651355 _c90.00 |
||
| 035 | _aEN-81570 | ||
| 037 | _bDBAD/PUB | ||
| 082 | _a883 | ||
| 100 |
_aShiva Kumar, S. _95795 |
||
| 245 |
_aRabindranath Tagore's play chandarlika : _ba critical study / _cby S. Shiva Kumar |
||
| 260 |
_aTiruvannamalai _bGuru Publications _c2009 |
||
| 270 |
_a19/79, Vadamathathi Street _bTiruvannamalai _e606601 |
||
| 300 |
_a82p. _c21cm (pbk) |
||
| 942 |
_2ddc _cEN _h883 _mSHI |
||
| 999 |
_c39138 _d39138 |
||